Secrets of Astrology: (Record no. 204655)

MARC details
000 -LEADER
fixed length control field 00577nam a22001817a 4500
005 - DATE AND TIME OF LATEST TRANSACTION
control field 20240814110248.0
010 ## - LCCN (DPL NO)
LC control number ENG-141103
020 ## - INTERNATIONAL STANDARD BOOK NUMBER
Terms of availability 125.00
International Standard Book Number 9781845570248
035 ## - SYSTEM CONTROL NUMBER
System control number EN-124635
037 ## - SOURCE OF ACQUISITION
Source of stock number/acquisition DBAD
082 ## - DEWEY DECIMAL CLASSIFICATION NUMBER
Classification number 133.9
100 ## - MAIN ENTRY--PERSONAL NAME
Personal name Chawdhri
245 ## - TITLE STATEMENT
Title Secrets of Astrology:
Remainder of title Based on Hindu Astrology/
Statement of responsibility, etc By L.R Chawdhri
260 ## - PUBLICATION, DISTRIBUTION, ETC. (IMPRINT)
Place of publication, distribution, etc New Delhi
Name of publisher, distributor, etc STERLING PUBLISHERS PRIVATE LIMITED
Date of publication, distribution, etc 2019
270 ## - ADDRESS
City New Delhi
Postal code 110005
Address 110, Pratap Chambers, Gurudwara Road, Karol Bagh
300 ## - PHYSICAL DESCRIPTION
Extent 177p.:
Dimensions 22cm(pb)
942 ## - ADDED ENTRY ELEMENTS (KOHA)
Source of classification or shelving scheme Dewey Decimal Classification
Item type English Books
Classification part 133.9
Call number suffix CHA
Holdings
Withdrawn status Lost status Not for loan Collection code Home library Current library Date acquired Source of acquisition Cost, normal purchase price Full call number Barcode Copy number Cost, replacement price Koha item type
      Non-fiction Patel Nagar Patel Nagar 30/07/2024 DBAD 125.00 133.9 CHA EN-124635 1 125.00 English Books

© Delhi Public Library
Hit Counter
free hit counter